Rappeurs modernes francophones - Mort Subite - Statistiques

Statistiques générales
  • Ce quiz a été pris 718 fois
  • Le résultat moyen est 17 sur 21
Answers on the Grid
Answers color-coded by a green-red scale on the quiz's grid according to % correct below.
Gazo
PTR
Hamza
SCH
Dan Hostetler
Josman
Dalta
Ninho
Coke
Kekra
TK
Pamso
Shay
Ashe 22
Anmoï
Bouss
Alpha Wann
Laylow
Master243
Zed
Zamdane
MLK
Meryl
Guy2Bezbar
SDM
Rim'K
La Fève
Unrealesed Bastard
Hugo TSR
J9ueve
 
Statistiques - réponses
Réponse % Correct
Gazo
98%
SCH
95%
Ninho
93%
SDM
91%
Josman
90%
Hamza
89%
Guy2Bezbar
86%
Rim'K
86%
Laylow
85%
La Fève
83%
Shay
82%
Alpha Wann
78%
Kekra
75%
Bouss
72%
Zed
72%
Ashe 22
69%
J9ueve
69%
Hugo TSR
67%
Zamdane
67%
TK
61%
Meryl
53%
Aucun quiz correspondant
Distribution des résultats
% des personnes avec chaque résultat
Percentile par nombre de réponses
Votre historique - résultats
Vous n’avez pas pris ce quiz